000 00420cam a2200181ua 4500
001 3756
008 120816n ii |||gr||||Z||||||asm
040 _cMAIN
082 _a745
100 _aDas, Jugal,
245 1 1 _aGahana gathari
_cby Jugal Das
250 _a1st.
260 _aGuwahati:
_bPublication Board Assam,988.
300 _a56p:
_c23cm.
653 _aDecorative am
653 _aGahana gathari
942 _cBK
999 _c3582
_d3582